000 00301nam a22001337a 4500
008 170623b xxu||||| |||| 00| 0 eng d
020 _a9780395638453
041 _aeng
080 _22ND
_a328
100 _a21
101 _aSHP
245 _aSTATE AND LOCAL GOVERNMENT
_cBOWMAN,A.M
942 _2udc
_cBK
999 _c18997
_d18997